000
00228 a2200097 4500
001
48242
100
_a
Parveen, F.H
245
_a
The political philosophy of Iqbal
260
_a
Lahore
_b
Pub united ltd
_c
090
_c
31197
_d
31197
942
_a
NUST-CAE
_c
M
_c
23555
999
_c
283315
_d
283315